[Event "Superbet Chess Classic"]
[Site "Bucharest"]
[Date "2021.06.07"]
[Round "3.5"]
[White "Lupulescu, Constantin"]
[Black "Giri, Anish"]
[Result "1-0"]
[WhiteElo "2656"]
[BlackElo "2780"]
[EventDate "2021.??.??"]
[Annotator "Bojkov,Dejan"]
[PlyCount "77"]
[Beauty "7769058970692"]
[EventType "team-tourn"]
[EventCountry "ROU"]

1.c4 e5 2.Nc3 Nf6 3.Nf3 Nc6 4.e3 Bb4 {The reversed Rossolimo.} 5.Qc2 Bxc3 6.Qxc3 Qe7 7.d4 {This is the major trend nowadays.} ( {The other way to play it is} 7.a3 {to which} 7...d5 {is natural and} 8.d4 exd4 9.Nxd4 Nxd4 10.Qxd4 c5 11.Qh4 dxc4 12.Bxc4 {trades too many pieces.} 12...O-O 13.O-O Rd8 14.b4 Be6 15.bxc5 Bxc4 16.Qxc4 Rac8 17.Bb2 Qxc5 18.Qxc5 Rxc5 19.Bd4 Ra5 {and Black held comfortably in Howell,D (2658)-Donchenko,A (2659) Online 2021} ) 7...Ne4 8.Qd3 exd4 9.Nxd4 Nc5 10.Qd1 Nxd4 11.Qxd4 {\"This was all pretty normal,\" said Lupulescu who was still in his prep.} 11...O-O 12.Be2 {White is in a hurry to develop his kingside.} ( {An aggressive approach like} 12.b4 Ne6 13.Qc3 {would allow Black a hook for counterplay on the queenside:} 13...a5 ) ( {However, the alternative plan of fast queenside development} 12.b3 Ne6 13.Qd2 b6 14.Bb2 {looked more ambitious. True, in that case White would had to choose to play a double-edged position by castling long:} 14...Bb7 15.O-O-O {and this does not seem to be what the Romanian GM was looking for.} ) 12...b6 13.O-O ( {\"If I want to play it safe I can go for...\"} 13.Bf3 Bb7 14.Bxb7 Nxb7 {\"but then my winning chances are very slim to none.\" (Lupulescu)} ) 13...Bb7 {The opening is almost over. White has the bishop pair, however he has serious difficulties in deploying it.} 14.f3 $146 {Blunting both black minor pieces at once. The drawback of the move is that the e3-pawn is also weakened.} ( {An earlier game went} 14.Bd2 Ne6 15.Qc3 Nf4 16.exf4 Qxe2 17.Rae1 Qg4 18.f3 Qf5 {and the opposite-colored bishops determined the peaceful outcome later, Jakovenko,D (2704)-Motylev,A (2668) Izhevsk 2019} ) ( {As before} 14.b4 Ne6 15.Qd2 a5 {allows Black queenside play.} ) 14...a5 {Giri establishes a blockade. From here on the impression is that Black has all the play.} 15.Bd2 ( {Of course not} 15.e4 f5 $1 ) ( {In case of} 15.b3 {Black would have likely followed the same game plan:} 15...f5 ) 15...f5 {Black not only fixes the e-pawn, he is ready to lift his rooks for a kingside attack.} 16.Rad1 ( {In hindsight White regretted for not choosing} 16.Rae1 $5 {with the idea to transfer his bishop to c2.} ) 16...d6 17.b3 Rae8 18.Rf2 $1 {Correctly covering the second rank.} ( {After} 18.Rfe1 {both} 18...Rf6 ( {And} 18...Qg5 $5 {will promise Black the initiative.} ) ) 18...Rf6 19.Bd3 {A silent draw offer. Lupulescu sensed the danger.} ( {After} 19.Bf1 {Black simply keeps improving further} 19...Rg6 ( {Or} 19...Qf7 {followed by Qf7-h5.} ) ) 19...Qf7 {Giri rejects the offer.} ( {Anytime Black trades the knight for the bishop, the opposite-colored bishops will more or less predetermine the split of the point.} 19...Nxd3 20.Qxd3 ) 20.Re2 {This move, however, is an inaccuracy.} ( {White needed to prepare for the assault with} 20.h3 $1 ) 20...Qh5 21.Be1 ( {Now it is too late for} 21.h3 Rg6 {And surprisingly, White lacks a good defense, for example} 22.Kh2 ( {Or even worse:} 22.Kh1 $2 Bxf3 $1 23.gxf3 Qxh3+ 24.Rh2 Qxf3+ ) 22...Nxd3 23.Qxd3 Bxf3 $1 24.gxf3 Rh6 {with a winning attack.} ) 21...Be4 $1 {\"I somehow totally missed this idea.\" (Lupulescu) This sudden tactical blow puts a lot of pressure on White.} ( {However, the preliminary} 21...Rg6 22.Bg3 {And then the other sacrifice} 22...Ne4 $1 {would have been even stronger. Once more, White cannot pick up the piece for free:} 23.fxe4 ( {True, in this case White has an interesting counter-attacking resource:} 23.c5 $5 {In order to free a square for the bishop with tempo and then pick up the knight. Black has nothing better than} 23...Nxg3 24.hxg3 {when the various pawn captures do not yield advantage to Black:} 24...Rxg3 ( {Bad is} 24...dxc5 $2 25.Bc4+ Kh8 26.Qd7 ) ( {Whereas in case of the other capture} 24...bxc5 {White can create play in various ways:} 25.Qf4 ( {Or} 25.Qc4+ Kh8 26.g4 $1 ) ( {Or even} 25.g4 $5 ) ) ( {That is why instead of taking, Black needs to give first with} 24...Bxf3 $1 25.gxf3 Rxg3+ 26.Rg2 Qxf3 {when White is not out of the woods yet.} ) 25.cxd6 cxd6 ( 25...Qxf3 26.Rdd2 {might transpose.} ) 26.Qxd6 Qxf3 27.Rdd2 {and White is solid enough.} ) 23...fxe4 24.Rf1 exd3 25.Qxd3 {If anything, White can hope to survive once more thanks to the remaining opposite-colored bishops.} ) ( {Apparently, White was hoping to defend with} 21...Ne6 22.Qh4 ) 22.Bb1 ( {Certainly not} 22.fxe4 $2 fxe4 ) ( {However, the other retreat was slightly more precise:} 22.Bc2 Rg6 ( {Lupulescu feared} 22...Ne6 23.Qd2 Bxf3 24.gxf3 Ng5 {which does not seem to work due to} 25.Qd5+ Kf8 26.Kh1 ) 23.Bg3 Rge6 24.Rde1 {It is similar to the game, with the important difference that the white rook does not hang after} 24...Bxc2 25.Rxc2 {Then Black may choose something like} 25...g5 {fighting further for his kingside initiative.} ) 22...Rg6 23.Bg3 Bxb1 {Giri spotted that the rook on e2 is once again vulnerable.} ( {It was not too late for} 23...Rge6 24.Rde1 Bxb1 25.Rxb1 g5 ) 24.Rxb1 Ne4 $1 {And he did it again. Unfortunately for the Dutch GM, White has a surprising defense.} 25.Rbe1 Nxg3 26.Qd5+ $1 {The only move, but a sufficient one.} ( {It is important to give the check first as} 26.hxg3 Rxg3 27.Qd5+ Qf7 {simply drops a pawn for no compensation.} ) 26...Kh8 27.hxg3 Rxg3 28.e4 $1 {A very important move in White's counterplay which highlights the weakness of the back rank.} 28...Qxf3 ( {After} 28...Qg6 {White would have moved the king} 29.Kf1 $1 ( {Avoiding the tricks:} 29.exf5 $2 Rxg2+ $1 ) ( {And} 29.Qxf5 $2 Rxg2+ $1 ) ) 29.Qf7 $1 {\"I think he missed this. I had to see this in advance as otherwise it was quite bad.\" (Lupulescu)} ( {The Romanian GM was fully aware of the tactics} 29.exf5 $2 Rxg2+ $1 ) 29...Rg8 30.exf5 Qc6 {Not a very practical choice according to White. Giri was down to three minutes on his clock and could not adjust to the changing situation.} ( {White expected} 30...h6 31.Kh1 Rh3+ 32.Kg1 Rg3 {with a draw instead.} ) 31.Rf2 {\"Now I am playing for a win, I thought.\" (Lupulescu)} 31...Qc5 {The losing move, although White's initiative is extremely dangerous to repel in time-trouble. The thing is that the queen was optimal on c6, as it was both attacking and defending the back rank!} ( {White was hoping for} 31...h6 32.f6 Qc5 33.Qxg8+ $1 {with a spectacular win.} ) ( 31...d5 {does not work neither due to} 32.Re6 ) ( {However, the computer believes that Black could have still survived with} 31...a4 $1 32.Re7 ( {Black is super-solid in case of} 32.f6 gxf6 33.Qxf6+ R3g7 ) 32...axb3 33.axb3 Qa8 34.f6 Rg5 ( {Or} 34...Rg6 ) ) 32.Re7 $1 ( {Once more, Lupulescu is very careful and spots his opponent's devilish trick. The seemingly killing} 32.Re8 {leads only to a draw after} 32...Rxg2+ $1 33.Kh1 ( 33.Kxg2 Qc6+ ) 33...Rh2+ $1 34.Kxh2 ( 34.Rxh2 Qc6+ ) 34...Qxf2+ {with a perpetual.} ) 32...Qd4 33.Re8 $1 {Now he can.} ( {It should be noted that the Romanian GM saw the last trick by Giri:} 33.f6 Rxg2+ $1 {would have led to a perpetual after} 34.Kxg2 gxf6+ 35.Kf1 ( {Or} 35.Kf3 Qd3+ 36.Kf4 Qd4+ ) 35...Qd1+ 36.Re1 Qd3+ ) 33...Rxg2+ 34.Kxg2 Qg4+ 35.Kh2 Qh4+ 36.Kg2 Qg4+ 37.Kf1 {Now there is no repetition and Lupulescu wins big.} 37...Qh3+ 38.Ke1 Qc3+ 39.Rd2 1-0

[Event "Superbet Chess Classic"]
[Site "Bucharest"]
[Date "2021.06.13"]
[Round "8.4"]
[White "Deac, Bogdan Daniel"]
[Black "Aronian, Levon"]
[Result "0-1"]
[WhiteElo "2627"]
[BlackElo "2781"]
[EventDate "2021.??.??"]
[Annotator "Bojkov,Dejan"]
[PlyCount "124"]
[Beauty "6255754089480"]
[EventType "team-tourn"]
[EventCountry "ROU"]

1.e4 c5 2.Nf3 d6 {A somewhat unusual opening choice from the Armenian-American GM that clearly indicates his intentions.} 3.Bb5+ Nd7 4.d4 cxd4 5.Qxd4 a6 6.Be2 ( {Aronian defended the position after} 6.Bxd7+ Bxd7 7.c4 e6 8.Nc3 Bc6 9.O-O Be7 10.Rd1 Nf6 11.Qd3 O-O 12.Nd4 Qa5 13.Nxc6 bxc6 14.Bd2 Qh5 {against the world champion himself in Carlsen,M (2847)-Aronian,L (2781) Online 2021} ) 6...Ngf6 7.O-O e6 8.Rd1 Be7 9.Nc3 Qc7 10.a4 {This is quite a strange version of the Scheveningen, favorable for White. Black did not manage to bring his pieces out, and the weakness of the b6-square will soon start to tell.} 10...O-O $146 {\"I was just trying to play, not necessarily playing for a win but just to get a game, but my opponent knew the opening very well and I think I got a slightly worse position.\" (Aronian)} ( {Perhaps Black should have chosen instead} 10...b6 {like in an earlier game:} 11.h3 O-O 12.Be3 Bb7 13.Nd2 Rac8 14.Nc4 d5 15.exd5 exd5 16.Bf4 Qc6 17.Ne5 Nxe5 18.Bxe5 Bc5 19.Qf4 Ne4 20.Nxe4 dxe4 {Hinrichs, L (2242) -Barrett,S (2214) Skopje 2015} ) 11.a5 {The b6-square is fixed.} 11...Rd8 12.Be3 Ng4 {Black is trying to relieve the pressure a bit.} ( {Black's normal development is obstructed, for example} 12...Ne5 13.Qb6 Nxf3+ 14.Bxf3 Qxb6 15.Bxb6 Rf8 16.g3 {leaves Black cramped.} ) ( {Similar problems arise after} 12...Nf8 13.Qb6 ) 13.Bg5 Ngf6 ( {The trade} 13...Bxg5 14.Nxg5 Nde5 {does not solve Black's problems. Both} 15.Bxg4 ( {and} 15.Na4 $5 {with the idea to meet} 15...Qxc2 {with} 16.Nc3 $1 {when the queen is in trouble.} ) 15...Nxg4 16.Na4 {and Black's problems remain.} ) 14.Qc4 {Deac chooses to play a somewhat better endgame.} ( {He had other good options too, like} 14.Bh4 $5 ) ( {Or} 14.Qb4 $5 ) 14...Qxc4 15.Bxc4 b5 {At last freeing himself a bit on the queenside.} ( 15...Nf8 16.Be3 {keeps the b6-point under control.} ) 16.axb6 Nxb6 17.Be2 Bb7 18.Nd2 Rd7 {\"I thought I need to start confusing myself and my opponent.\" (Aronian) Black is trying to prepare the freeing d6-d5 break.} 19.Bd3 {Deac misses a good chance.} ( {The idea was} 19.Be3 $1 Bd8 {\"Of course, it doesn't make any sense, but at least it's confusing!\" (Aronian) Indeed, after} 20.Bd4 $1 {Black is in a sort of a zugzwang; he hardly has any useful move.} ) 19...Rc7 20.f3 d5 {That is it, Black is just fine now.} 21.Be3 ( {Or} 21.exd5 Bc5+ 22.Kh1 Nfxd5 {and all looks good for Black.} ) 21...dxe4 22.Ndxe4 Nfd5 23.Bd4 f6 24.b3 Kf7 {Aronian simply improves his position. The weakness of the a6-pawn is well compensated by the centralized black pieces and the play along the half-open files. As usual in the Sicilian endgames, Black starts to slowly take over the initiative.} ( 24...e5 {does not yield Black anything after} 25.Bf2 Nxc3 26.Nxc3 Rxc3 27.Bxb6 ) 25.Nxd5 Nxd5 26.Bc4 a5 27.c3 g5 {That is the other reason why Black's prospects are better in the endgame. He can expand on the kingside too.} 28.Ra4 ( {After} 28.Kf1 {White has to reckon with} 28...a4 $5 ( {But Black can also expand further with} 28...h5 ) ) 28...f5 29.Ng3 Bc5 $1 {An important trade that softens White's position.} 30.Bxc5 Rxc5 31.Bxd5 Bxd5 32.c4 Bc6 33.Ra3 a4 {The bishop is clearly more superior than the knight, and with this move Aronian frees himself from the weakness while creating a weakness in the enemy camp. Deac has to concentrate all his energy into the survival.} 34.Rda1 ( {Here} 34.Nf1 $1 {looks more accurate as after} 34...axb3 35.Rxa8 Bxa8 36.Nd2 {the black b-pawn is not going anywhere.} ) 34...Rg8 $1 {Opening a second front.} 35.bxa4 g4 36.f4 ( {White's problems are not solved either in case of} 36.fxg4 Rxg4 37.R1a2 Rgxc4 38.a5 Rc1+ 39.Kf2 R1c2+ ) 36...Rxc4 37.Ne2 Rb8 38.R3a2 ( 38.a5 Rb2 39.R1a2 Rcc2 40.Rxb2 Rxb2 41.Re3 {would have been similar as in the game.} ) 38...Bd5 39.a5 Rcb4 {Since White needs to defend his second rank, he slowly loses the a-pawn.} 40.Rd2 Rb2 41.Rad1 Rxd2 42.Rxd2 Ra8 {There it is, the pawn is lost. However, not everything is decided yet as all the remaining pawns are on the same flank.} 43.Nc3 Rxa5 44.Kf2 ( {The other way to defend is} 44.Nxd5 exd5 45.Kf2 Ke6 46.Re2+ Kd6 47.Re5 Ra2+ 48.Kg3 d4 {Aronian thought that this is too risky, but the concrete line} 49.Rxf5 d3 50.Rf8 Ke7 51.Rf5 {saves White.} ) 44...Bc6 45.Nd1 Ra4 {Provoking another weakening.} 46.g3 Ra1 {The impression is that Black will sooner or later force the opponent into zugzwang and win the h2-pawn.} 47.Nb2 $1 {Deac, however, found a brilliant defensive idea.} 47...Rh1 48.Nd3 $3 {That was the whole idea! Deac sacrifices a second pawn but builds a fortress.} ( {In the after-game interview Aronian admitted that he underestimated his opponent. He expected} 48.Ke3 Bb5 {after which the advance of the h-pawn would likely put White on his knees.} ) 48...Rxh2+ 49.Ke3 Rxd2 50.Kxd2 {One of the black extra pawns is fully blocked by the white knight, whereas White's only vulnerable point, the pawn on g3, is nicely defended by the white king.} 50...Ke7 51.Ne5 Kd6 52.Ke3 Kd5 53.Kd3 Be8 54.Ke3 h5 55.Nd3 Kc4 {And still, Black finds a way to bother the opponent one last time.} ( {\"The problem is that\"} 55...h4 56.Kf2 $1 {\"is a dead draw.\" (Aronian)} 56...h3 57.Kg1 Ke4 58.Ne5 {followed by Kg1-h2 is a rock-solid fortress indeed.} ) 56.Ne5+ Kc3 57.Nd3 h4 $1 {That's the last chance.} ( {There is no progress after} 57...Kc2 58.Nc5 Kd1 59.Kf2 Bf7 60.Nd3 ) 58.gxh4 g3 59.Ne5 {Alas, the Romanian GM stumbles, just a step away from the draw.} ( 59.Nc1 $1 {instead would have saved the game, for example} 59...g2 60.Ne2+ Kc4 {\"Unfortunately this is nonsense.\" (Aronian)} 61.Kf2 Kd3 62.Ng1 Ke4 63.Nh3 g1=Q+ 64.Kxg1 Kf3 65.Ng5+ {and everything is traded.} ) 59...Bh5 $1 {This move Deac obviously saw. He also knew that his knight and king are limited by the bishop. Apparently, he believed that} 60.Nd7 {would save him and likely missed} 60...e5 $3 {Aronian wins a couple of tempi, and that's all he needs.} ( {After} 60...Kc2 61.Nf6 Bd1 62.h5 {it would be Black who needs to force the draw with} 62...e5 $1 63.h6 ( 63.fxe5 $4 {loses a decisive tempo instead} 63...f4+ 64.Kxf4 g2 {and wins.} ) 63...exf4+ 64.Kxf4 g2 65.h7 g1=Q 66.h8=Q ) 61.Nxe5 Kc2 62.Nd3 Kd1 {Zugzwang! The king makes it to the g2-pawn.} 0-1